Arihant self study guide NIFT NID IIFT : (Record no. 61582)
[ view plain ]
| 000 -LEADER | |
|---|---|
| fixed length control field | 00519nam a22001577a 4500 |
| 005 - DATE AND TIME OF LATEST TRANSACTION | |
| control field | 20180829165840.0 |
| 008 - FIXED-LENGTH DATA ELEMENTS--GENERAL INFORMATION | |
| fixed length control field | 120127t xxu||||| |||| 00| 0 eng d |
| 020 ## - INTERNATIONAL STANDARD BOOK NUMBER | |
| International Standard Book Number | 81834800016 |
| Terms of availability | Rs 300.00 |
| 035 ## - SYSTEM CONTROL NUMBER | |
| System control number | B-229382,B-229360 |
| 040 ## - CATALOGING SOURCE | |
| Original cataloging agency | DPL |
| Language of cataloging | ENG |
| 100 ## - MAIN ENTRY--PERSONAL NAME | |
| Personal name | Mittal, D |
| 9 (RLIN) | 40251 |
| 245 ## - TITLE STATEMENT | |
| Title | Arihant self study guide NIFT NID IIFT : |
| Remainder of title | Entrance examination |
| Statement of responsibility, etc | by D Mittal et al |
| 260 ## - PUBLICATION, DISTRIBUTION, ETC. (IMPRINT) | |
| Place of publication, distribution, etc | Meerut |
| Name of publisher, distributor, etc | Arihant Publication (India) Pvt Ltd |
| 300 ## - PHYSICAL DESCRIPTION | |
| Extent | various pages |
| Dimensions | 28 cms |
| 942 ## - ADDED ENTRY ELEMENTS (KOHA) | |
| Source of classification or shelving scheme | Dewey Decimal Classification |
| Item type | English Books |
| Classification part | 000 |
| Call number suffix | ARI |
| Withdrawn status | Lost status | Source of classification or shelving scheme | Damaged status | Not for loan | Collection code | Home library | Current library | Shelving location | Date acquired | Cost, normal purchase price | Total Checkouts | Total Renewals | Full call number | Barcode | Date last seen | Cost, replacement price | Koha item type | Source of acquisition | Copy number |
|---|---|---|---|---|---|---|---|---|---|---|---|---|---|---|---|---|---|---|---|
| Dewey Decimal Classification | Non-fiction | Diz Area | Diz Area | 29/08/2018 | 300.00 | 000 ARI | B-229360 | 29/08/2018 | 300.00 | English Books | BPPD/PUB | ||||||||
| Dewey Decimal Classification | Non-fiction | Kadipur | Kadipur | General Stacks | 19/06/2019 | 300.00 | 000 ARI | B-229374 | 19/06/2019 | 300.00 | English Books | 2 | |||||||
| Dewey Decimal Classification | Non-fiction | Sarojini Nagar | Sarojini Nagar | General Stacks | 27/01/2012 | 300.00 | 3 | 1 | 000 ARI | B-229382 | 07/02/2020 | 300.00 | English Books | ||||||
| Dewey Decimal Classification | Ordered | Non-fiction | Sarojini Nagar | Sarojini Nagar | On Display | 08/03/2017 | 300.00 | 000 ARI | B-229384 | 08/03/2017 | 300.00 | English Books | DPL | 1 |
